| 000 | 00971nam a2200217 a 4500 | ||
|---|---|---|---|
| 001 | 000041612 | ||
| 005 | 20201002035651.0 | ||
| 008 | 131014s1997 sp 000 0 spa d | ||
| 020 | _a8400076885 | ||
| 040 |
_aDO-SdBNP _bspa _cBNPHU |
||
| 082 |
_axxx _bC957z |
||
| 100 | 1 |
_aAbril Castelló, Vidal _967902 |
|
| 245 | 1 | 0 |
_aFrancisco de la Cruz, Inquisición, Actas II-2 : _bderecho y moral, teología y política en el trasplante a Iberoamérica del Santo Oficio Español (la Junta Magna de 1568 y la política indiana de Felipe II) / _cVidal Abril Castilló, Miguel J. Abril. Stoffels. |
| 260 |
_aMadrid : _bConsejo Superior de Investigaciones Científicas, _c1997. |
||
| 300 |
_a2 v. ; _c22 cm. |
||
| 490 | 1 |
_aCorpus Hispanorum de pace _v35/37 |
|
| 500 | _aIncluye referencias bibliográficas y notas al pie de las páginas. | ||
| 504 | _aBibliografía: p. 1663-1670 | ||
| 700 | 1 | 2 |
_aAbril. Stoffels, Miguel J. _968387 |
| 830 | 0 |
_aCorpus Hispanorum de pace _n35/37 _968388 |
|
| 999 |
_c41102 _d41102 |
||